Štatistická správa o základných vývojových tendenciách v hospodárstve SR vo 4. štvrťroku 2018

Gespeichert in:
Bibliographische Detailangaben
Format: Buch
Sprache:Slowakisch
Veröffentlicht: Bratislava Štatistický úrad Slovenskej republiky 2019
Schriftenreihe:Súborné publikácie
Schlagworte:
Tags: Tag hinzufügen
Keine Tags, Fügen Sie das erste Tag hinzu!

MARC

LEADER 00000nam$a2200000$$$4500
001 0252983
005 20240515124621.6
041 0 |a slo 
044 |a SK 
245 1 0 |a Štatistická správa o základných vývojových tendenciách v hospodárstve SR vo 4. štvrťroku 2018 
264 1 |a Bratislava  |b Štatistický úrad Slovenskej republiky  |c 2019 
300 |a 93 s. 
490 1 |a Súborné publikácie 
830 0 |a Súborné publikácie 
610 2 0 |a Slovensko 
610 2 0 |a hospodárstvo národné 
610 2 0 |a vývoj hospodársky